Govt. of
Madhya Pradesh

सामान्‍य बुद्धि एवं तर्कशक्ति परीक्षण (Record no. 65355)

MARC details
000 -LEADER
fixed length control field 00354nam a2200109Ia 4500
008 - FIXED-LENGTH DATA ELEMENTS--GENERAL INFORMATION
fixed length control field 221009s9999 xx 000 0 und d
082 ## - DEWEY DECIMAL CLASSIFICATION NUMBER
Classification number 160
100 ## - MAIN ENTRY--PERSONAL NAME
Personal name झा,सुशीन
9 (RLIN) 79437
245 #0 - TITLE STATEMENT
Title सामान्‍य बुद्धि एवं तर्कशक्ति परीक्षण
260 ## - PUBLICATION, DISTRIBUTION, ETC. (IMPRINT)
Name of publisher, distributor, etc. Guider Competitive Group
942 ## - ADDED ENTRY ELEMENTS (KOHA)
Koha item type Books

No items available.